000 00773nam a2200253Ia 4500
003 OSt
005 20220923211150.0
006 a|||||r|||| 00| 0
007 ta
008 Pun
020 _a81876540000 (hbk)
_c175
024 _a273,254
037 _b665, 03/06/2013, H.K. Prakashan
_cTextual
040 _aARTS
_cARTS
_bPun
041 _2Pun
_aPun
082 _aO153,1NDEEx, Q2
100 _aਇਕ਼ਬਾਲ ਦੀਪ
_9156278
245 0 _aਬਿੰਦ
260 _aਦਿੱਲੀ
_b ਮਨਪ੍ਰੀਤ ਪ੍ਰਕਾFਨ
_c2012
300 _a96ਪੰ
_ccm.
650 _aਪੰਜਾਬੀ ਸਾਹਿਤ
942 _hO153,1NDEEx, Q2
_cTEXL
_2CC
999 _c296205
_d296205